[Event "Beth Harmon Loves A Good Knight"]
[Site "SchemingMind.com"]
[Date "2020.12.30"]
[Round "-"]
[White "Matthew Bailey"]
[Black "William Lindberg"]
[Result "1/2-1/2"]
[WhiteCountry "ENG"]
[BlackCountry "USA"]
[WhiteElo "2570"]
[WhiteRD "68"]
[BlackElo "2483"]
[BlackRD "67"]
[GameID "463891"]

1. b4 e5 2. Bb2 Bxb4 3. Bxe5 Nf6 4. e3 d5 5. c3 Be7 6. Bxf6 Bxf6 7. d4 c5 8. g3 O-O 9. Ne2 Nc6 10. h3 Bf5
11. Bg2 Ne7 12. O-O Rc8 13. Qa4 Qb6 14. Qb3 Qd6 15. a4 Rfd8 16. Qxb7 cxd4 17. Nxd4 Bg6 18. Qb5 Rc5 19. Qe2 h6 20. Rd1 Rdc8
21. h4 a6 22. h5 Bh7 23. Ra3 Rc4 24. Qb2 Qe5 25. Nd2 R4c5 26. Bf3 Qc7 27. Be2 Rxc3 28. Bxa6 Rc2 29. Qb4 Rb8 30. Bb5 Nc6
31. Nxc6 Rxc6 32. Qf4 Be5 33. Qf3 Rc1 34. Bd3 Bxg3 35. Rf1 Be5 36. Bxh7+ Kxh7 37. Rd3 Rc5 38. Rxd5 Rb4 39. Qf5+ Kg8 40. Rxc5 Qxc5
41. Kg2 Rxa4 42. Nf3 Ra5 43. Rd1 Bf6 44. Qxc5 Rxc5 45. Rh1 Rd5 46. Rh3=
1/2-1/2

[Event "Beth Harmon Loves A Good Knight"]
[Site "SchemingMind.com"]
[Date "2020.12.30"]
[Round "-"]
[White "JAHI"]
[Black "Matthew Bailey"]
[Result "0-1"]
[WhiteCountry "INT"]
[BlackCountry "ENG"]
[WhiteElo "2068"]
[WhiteRD "76"]
[BlackElo "2526"]
[BlackRD "70"]
[GameID "463892"]

1. c3 Nf6 2. c4 e5 3. Nc3 Bb4 4. a3 Bxc3 5. dxc3 d6 6. Bg5 h6 7. Bxf6 Qxf6 8. g3 a5 9. a4 O-O 10. Bg2 Qe6
11. b3 Na6 12. h3 Kh8 13. h4 f5 14. h5 f4 15. gxf4 Qg4 16. Qd5 Nc5 17. Qf3 Qe6 18. Bh3 Qe8 19. Bxc8 Rxc8 20. Rb1 Rxf4
21. Qh3 e4 22. Rh2 Rd8 23. e3 Rf6 24. Kf1 Qf7 25. Ne2 Nd3 26. Nf4 Nxf4 27. exf4 Rxf4 28. Re1 Rf8 29. Re2 Rf3 30. Qh4 Rxc3
31. Rh3 Rc1+ 32. Re1 Rc2 33. Re2 Rxe2 34. Kxe2 c6 35. Rc3 d5 36. cxd5 cxd5 37. Qg3 Qxh5+ 38. f3 Qf5 39. fxe4 Qf1+ 40. Ke3 dxe4
41. Kd4 Qd1+ 42. Ke5 Rd8 43. Kf4 Qd6+ 44. Kg4 Qe6+ 45. Kf4 Qf6+ 46. Kg4 h5+ 47. Kh3 Rd2 48. Rc8+ Kh7 49. Rf8 Qxf8 50. Qg2 Rxg2
51. Kxg2 e3 52. b4 Qf2+ 53. Kh3 g5 54. b5 g4#
0-1

[Event "Beth Harmon Loves A Good Knight"]
[Site "SchemingMind.com"]
[Date "2020.12.30"]
[Round "-"]
[White "Matthew Bailey"]
[Black "JAHI"]
[Result "1-0"]
[WhiteCountry "ENG"]
[BlackCountry "INT"]
[WhiteElo "2538"]
[WhiteRD "70"]
[BlackElo "2088"]
[BlackRD "75"]
[GameID "463893"]

1. e4 d6 2. d4 g6 3. Nc3 Bg7 4. Be3 a6 5. Nf3 Bg4 6. h3 Bxf3 7. Qxf3 Nd7 8. O-O-O e6 9. g4 Ne7 10. h4 h6
11. Qg3 a5 12. Kb1 a4 13. a3 Qb8 14. h5 g5 15. f4 gxf4 16. Bxf4 Ra5 17. Nb5 e5 18. Bd2 Ra8 19. g5 exd4 20. gxh6 Be5
21. Bf4 c6 22. Nxd4 d5 23. Rh4 Rg8 24. Qf3 c5 25. Nb5 d4 26. Bc4 Rf8 27. h7 Ra6 28. Rg4 Rf6 29. Bxe5 Qxe5 30. Qg2 Rc6
31. Rg5 Qh8 32. Rg7 Ne5 33. Bd5 Rb6 34. Qg3 f6 35. Bc4 Rc6 36. Ba2 Rb6 37. Nc7+ Kd8 38. Ne6+ Rxe6 39. Bxe6 Ke8 40. h6 Kd8
41. Qc3 b6 42. Rxd4+ Kc7 43. Rxe7+ Kc6 44. Bd7+ Nxd7 45. Qc4 Rd8 46. Qxa4+ b5 47. Re6+ Kb7 48. Qxb5+ Nb6 49. Rxb6+ Kc8 50. Qxc5#
1-0